000 00836nam a2200289Ia 4500
001 Z_5144
003 CHAP
008 220113s2003 xx 000 0 und d
010 _a168201
040 _cCHAP
082 _a551.59 M6
100 _aMonterroso Rivas, Alejandro Ismael
_977837
245 _aEscenarios climatológicos de la República Mexicana ante el cambio climático /
_cpor Alejandro Ismael Monterroso Rivas y Jesús David Gómez Díaz
260 _aChapingo, Méx. :
_bUACH. Comisión Nacional de las Zonas Aridas,
_c2003
300 _a170 p. ilus.
440 _a
500 _a
503 _a
650 _aClima
_xMéxico I. Gómez Díaz, Jesús David
_9142474
650 _aClimatología
_923864
901 _a551.59 M6
902 _aA
910 _a2003
942 _c1
942 _cc1
999 _c168201
_d168201